000
00321nam a2200133Ia 4500
008
231017s9999 xx 000 0 und d
082
_a
625.706
082
_b
BIN
245
0
_a
Road network management; international benchmarking study
245
0
_c
Austroads
260
_b
Austroads
300
_c
30cm
942
_c
REP
999
_c
605858
_d
605858